Top 25 streamers en Español - Estadísticas

Estadísticas generales
  • Esta prueba ha sido intentada 384 veces
    156 desde el último reinicio
  • La puntuación promedio es 9 de 25
Estadísticas de respuestas
País Streamer % Correcto
España auronplay
95%
España ibai
93%
España Rubius
89%
Colombia juansguarnizo
69%
España TheGrefg
63%
México AriGameplays
59%
Argentina ElSpreen
56%
México rivers_gg
50%
España Illojuan
49%
España elxokas
48%
Argentina Coscu
45%
México ElMariana
44%
Argentina Carreraaa
28%
México elded
25%
España IamCristinini
21%
España biyin_
17%
España Alexby11
15%
México QuackityToo
15%
Argentina Robleis
15%
Argentina SLAKUN10
7%
Cuba Staryuuki
7%
España xCry
7%
España kingsleague
3%
México MissaSinfonia
3%
México Jelty
1%
No se encontraron pruebas coincidentes
Distribución de puntuación
Porcentaje de gente con cada puntuación
Porcentaje por número respondido
Historial de tus puntuaciones
No has intentado esta prueba desde el último reinicio